Majority Borders Quiz Stats

 Plays Quiz Updated Mar 3, 2013

Challenge
Share
Tweet
Embed
Score 0/18 Timer 04:00
3 Plays Today
% Correct
Canada
98.7%
United States
98.6%
Argentina
72.1%
Chile
72.1%
Spain
69.3%
Portugal
68.7%
United Kingdom
64.7%
Ireland
64.6%
Sweden
61.8%
% Correct
Norway
61.6%
Haiti
54.5%
Dominican Republic
53.8%
Indonesia
43.3%
Malaysia
40.1%
Panama
29.9%
Costa Rica
27.1%
Honduras
23.8%
Nicaragua
23.3%

You're not logged in!

Compare scores with friends on all Sporcle quizzes.
Join for Free
OR
Log In

You Might Also Like...

Show Comments

Extras

Top Quizzes Today


Score Distribution

Your Account Isn't Verified!

In order to create a playlist on Sporcle, you need to verify the email address you used during registration. Go to your Sporcle Settings to finish the process.

Report this User

Report this user for behavior that violates our Community Guidelines.

Details: